Nước và các vấn đề liên quan : Phương pháp và tính đa ngành trong phân tích
Giới thiệu những bài tham luận và thảo luận được thực hiện trong Khoá học mùa hè về khoa học xã hội tại trường Đại học Đà Lạt trình bày dưới góc độ phương pháp luận và đa ngành các vấn đề liên quan đến nuớc: phương pháp nhân học, ki...
Bewaard in:
| Formaat: | Boek |
|---|---|
| Taal: | Undetermined |
| Gepubliceerd in: |
Hà Nội
Tri Thức
2013
|
| Onderwerpen: | |
| Tags: |
Voeg label toe
Geen labels, Wees de eerste die dit record labelt!
|
| Thư viện lưu trữ: | Trung tâm Học liệu Trường Đại học Cần Thơ |
|---|
| LEADER | 01538nam a2200193Ia 4500 | ||
|---|---|---|---|
| 001 | CTU_210928 | ||
| 008 | 210402s9999 xx 000 0 und d | ||
| 082 | |a 333.91 | ||
| 082 | |b N557 | ||
| 245 | 0 | |a Nước và các vấn đề liên quan : | |
| 245 | 0 | |b Phương pháp và tính đa ngành trong phân tích | |
| 245 | 0 | |c Stéphane Lagrée (Biên tập khoa học) | |
| 260 | |a Hà Nội | ||
| 260 | |b Tri Thức | ||
| 260 | |c 2013 | ||
| 520 | |a Giới thiệu những bài tham luận và thảo luận được thực hiện trong Khoá học mùa hè về khoa học xã hội tại trường Đại học Đà Lạt trình bày dưới góc độ phương pháp luận và đa ngành các vấn đề liên quan đến nuớc: phương pháp nhân học, kinh tế học, chính trị, pháp lý và phương pháp mô hình hoá. Bốn chuyên đề trọng tâm về: không gian biển, nguy cơ và quản trị; tăng trưởng đô thị, nhu cầu xã hội, cung cấp dịch vụ nước sách, xử lý nước thải; quản lý nước về mặt xã hội và kinh tế trong khuôn khổ đào tạo kỹ thuật điều tra điền dã; phương pháp lập mô hình đa tác tử. | ||
| 650 | |a Tài nguyên nước,Water resources | ||
| 904 | |i Võ Thị Việt Trinh,Hải | ||
| 980 | |a Trung tâm Học liệu Trường Đại học Cần Thơ | ||